=LDR 00000nam 2200000 4500 =001 INLIS000000000031991 =005 20130612134028 =008 ***********************************ind** =035 ##$$0010-061300000031991 =041 ##$$a ind =082 ##$$a 028.55 =090 ##$$a 028.55, Far s =100 ##$$a Firdaus, El =245 ##$$a Saat raja kehilangan Suara , When The King Lost His Voice, El Firdaus;Alih Bahasa, Ary Nilandari;Penyuting, Rani Yulianty =260 ##$$a 2008 $b Bandung =300 ##$$a 23 hlm, Ilus, 23,5 cm =650 ##$$a Bacaan Anak-Anak =700 ##$$a Nilandari, Ari =850 ##$$a NBPNMAT